|
|
|
|
| LEADER |
00000nam0a2200000 4500 |
| 001 |
58337 |
| 005 |
20231101211726.0 |
| 035 |
|
|
|a (RuTPU)RU\TPU\book\61611
|
| 090 |
|
|
|a 58337
|
| 100 |
|
|
|a 20031128d1949 k y0rusy50 ca
|
| 101 |
1 |
|
|a rus
|
| 102 |
|
|
|a RU
|
| 105 |
|
|
|a a z 001zy
|
| 200 |
1 |
|
|a Безводный хлористый алюминий в органической химии
|e пер. с англ.
|f Ч. Томас
|
| 210 |
|
|
|a Москва
|c Изд-во иностранной литературы
|d 1949
|
| 215 |
|
|
|a 999 с.
|c ил.
|
| 300 |
|
|
|a Доп. тит. лист
|
| 320 |
|
|
|a Библиогр.: с. 894-999.
|
| 606 |
1 |
|
|a Алюминийорганические соединения
|x Химия
|2 stltpush
|3 (RuTPU)RU\TPU\subj\75861
|9 87421
|
| 610 |
1 |
|
|a хлористый алюминий
|
| 610 |
1 |
|
|a физические свойства
|
| 610 |
1 |
|
|a каталитические реакции
|
| 610 |
1 |
|
|a конденсация
|
| 610 |
1 |
|
|a полимеризация
|
| 675 |
|
|
|a 547.1'162
|v 3
|
| 700 |
|
1 |
|a Томас
|b Ч.
|
| 801 |
|
1 |
|a RU
|b 63413507
|c 20031128
|g PSBO
|
| 801 |
|
2 |
|a RU
|b 63413507
|c 20210608
|g PSBO
|
| 942 |
|
|
|c BK
|